LEADER 01352nam a2200301 u 4500 001 000000026781 003 CaOOAMICUS 005 20180706151331.0 006 a 000 u 008 951116s1952 it u000 u ita u 032 $aLibriCat 035 $a10693027 040 $aAAR$bita$dBAV 100 1 $aDel Grande, Carlo.$0(OLS)http://pul/name/6348 245 10$aTragoidia :$bessenza e genesi della tragedia /$cCarlo del Grande. 260 $aNapoli :$bR. Ricciardi,$c1952. 300 $axii, 342 p. ;$c22 cm 504 $aIncludes bibliograpic notes and essay: [255]-324. 650 4$aTragedia.$0(OLS)http://pul/subject/25376 650 0$aGreek drama (Tragedy)$xHistory and criticism.$2//eng$0(OLS)http://pul/subject/11875 650 0$aLatin drama (Tragedy)$xHistory and criticism.$2//eng$0(OLS)http://pul/subject/15515 850 $aPUL 852 $aPUL$W1$xDP1 Fondo Cecchetti$y53$m294 D 9$j37379$nBK-PRI$b $qFondi$B37379$CPULBib$Z2$F37379 $HPUL3709 $81 852 $aPUL$W1$xDP1 Fondo Dalla Palma$y117$m8 C 13$j192029$qFondi$B196490$CPULBib$Z2$F196490 $HDal1461 $81 941 1 $a1 996 $6245$aTragoidia :$bessenza e genesi della tragedia$9(OLS)http://pul/title/36720 996 $6260$aNapoli :$bR. Ricciardi$9(OLS)http://pul/publisher/53923 LEADER 01225nam a2200313 a 4500 001 000000123555 003 CaOOAMICUS 005 20101027112515.0 008 101027t2007 it a u000 u ita r 020 $a978-88-370-4895-2 040 $aPUL$bita 082 04$a703 100 1 $aMalaguzzi, Silvia.$0(OLS)http://pul/name/77830 245 10$aOro, gemme e gioielli /$cSilvia Malaguzzi. 260 $aMilano :$bElecta,$cİ2007. 300 $a383 p. :$bill. ;$c20 cm. 490 1 $aDizionari dell'arte 504 $aInclude bibliografia ed indice. 650 4$aSimbolismo nell'arte.$0(OLS)http://pul/subject/16799 650 4$aGioielli$xIconografia.$0(OLS)http://pul/subject/37289 830 2$aI dizionari dell'arte.$0(OLS)http://pul/title/93900 850 $aPUL 852 $aPUL$W1$xSL Cons. Gen., Altre Classi 3$y75$m703 COLL 1.12$j142229$qDDC 21$B141205$CPULBib$Z2$F141205 $H115053 $82 941 1 $a9 996 $6020$a978-88-370-4895-2$9(OLS)http://pul/number/145745 996 $6082$a703$9(OLS)http://pul/classification/1705 996 $6245$aOro, gemme e gioielli$9(OLS)http://pul/title/155708 996 $6260$aMilano :$bElecta$9(OLS)http://pul/publisher/48480